Представление документа в формате RUSMARC

ПолеНазваниеЗначение
  Тип записи a
  Библиографический уровень m
001 Контрольный номер 62f8f24221e64e7d87551546c23eab0c
005 Дата корректировки 20140616144600.0
010 Индекс ISBN __
a ISBN 978-5-394-00165-9
101 Язык документа 0_
a Язык текста rus
102 Страна публикации __
a Страна публикации RU
200 Заглавие и сведения об ответственности 1_
a Заглавие Эконометрика
e Сведения, относящиеся к заглавию учеб. для вузов
f Первые сведения об ответственности В. А. Валентинов
205 Сведения об издании __
a Основные сведения об издании 2-е изд.
210 Выходные данные 1_
c Издательство Дашков и К
a Место издания М.
d Дата издания 2009
215 Физическое описание __
a Объем 445, [1] с.
300 Общие примечания __
a Общие примечания гриф МО
610 Ключевые слова 0_
a Ключевые слова эконометрика
610 Ключевые слова 0_
a Ключевые слова математика
610 Ключевые слова 0_
a Ключевые слова математическая статистика
610 Ключевые слова 0_
a Ключевые слова моделирование экономических процессов
610 Ключевые слова 0_
a Ключевые слова множественная реггрессия
610 Ключевые слова 0_
a Ключевые слова прогнозирование экономических процессов
610 Ключевые слова 0_
a Ключевые слова метод наименьших квадратов
610 Ключевые слова 0_
a Ключевые слова мультиколлинеарность
610 Ключевые слова 0_
a Ключевые слова временной ряд
610 Ключевые слова 0_
a Ключевые слова автокорреляция
610 Ключевые слова 0_
a Ключевые слова гетероскедастичность
610 Ключевые слова 0_
a Ключевые слова адаптивное прогнозирование
610 Ключевые слова 0_
a Ключевые слова управление качеством
610 Ключевые слова 0_
a Ключевые слова информационные технологии
610 Ключевые слова 0_
a Ключевые слова гриф МО
610 Ключевые слова 0_
a Ключевые слова учебник
686 Индексы других классификаций __
a Классификационный индекс 22.172я73
2 Код системы rubbk
686 Индексы других классификаций __
a Классификационный индекс 65в641я73
2 Код системы rubbk
700 Автор _1
a Фамилия Валентинов
b Имя В. А.
g Полное личное имя Вячеслав Аркадьевич
y ДА
801 Источник записи _0
a Страна RU
b Организация РУК
c Дата составления 20110520
g Правила каталогизации PSBO
801 Источник записи _1
a Страна RU
b Организация РУК
c Дата составления 20110520
g Правила каталогизации PSBO
852 Данные о местонахождении __
i Авторский знак В 15
j Шифр хранения ББК 22.1
901 Тип документа __
t Тип документа m
912 Принадлежность преподавателя к РУК __
a Принадлежность преподавателя к РУК Преподаватель Головного вуза
938 Служебная информация __
a Название организации Головной вуз
b Имя БД BOOK
c Название АИБС АИБС ИРБИС
952 Тип литературы __
b Гриф литературы для ВШ гриф МО
c Вид литературы учебник